000 00572nam a2200181Ia 4500
008 180921t1965 xxu||||| |||| 00| 0 sin d
041 _asin
080 _a514.1(075)
_bANG
100 _aAngus, L.H.
245 _aඋසස් පෙළ හා ශිෂ්‍යත්ව පෙළ භෞතික රසායනය
246 _aUsaspela haa shhishathva pela bhauthika rasayanaya
260 _bEducation depatment
_c1965
300 _a408p., 22 cm
650 _aPhysical chemistry (A/L)
942 _cBK
999 _c16531
_d16531
003 LK-CoDNM
040 _aLK-CoDNM
_dLK-CoDNM
_eLK-CoDNM